03539nam a2200301 a 4500003000400000005001700004007001500021008004100036040000800077100003500085245036800120264004300488300006100531336002700592337002900619338003900648502003400687504005900721520204300780650004402823650005202867700004902919700004002968700004903008700004703057700004603104856008703150OSt20250603114514.0cr ||||||a|c|a250227s2025 mx a|||fom||| 001 0 spa d erda1 aLarios Huidobro, Mario Alberto10aCalidad, acumulación curvas de crecimiento de gramineas forrajeras bajo dos condiciones climáticas en el Estado de Hidalgo /cpor Mario Alberto Larios Huidobro; director de tesis Enrique Cortés Díaz; secretario Cesár Cortez Romero; vocal Pedro Arturo Martínez Hernández; suplente José Luis Zaragoza Ramírez; suplente Melitón Cordoba Álvarez. 1aChapingo, México :bEl autor,c2025. a1 recurso en línea (110 páginas):bcuadros, figuras. 2rdacontentatextobtxt 2rdamediaacomputadorabc 2rdacarrierarecurso en líneabcr bIAEZcZootecníad2025.gLIC aIncluye referencias bibliográficas: páginas 81-91. aEn las regiones tropicales de México, la producción de rumiantes se basa principalmente en el pastoreo de gramíneas nativas e introducidas; sin embargo, el manejo de praderas y las condiciones climáticas y ambientales inciden directamente en la calidad y crecimiento de dichas gramíneas. Se evaluó la calidad y el crecimiento de gramíneas introducidas en dos condiciones climáticas con altitudes distintas en el municipio de Molango, Hidalgo. Se muestrearon las gramíneas: maralfalfa (Pennisetum violaceum), taiwán (Pennisetum purpureum), estrella de áfrica (Cynodon plectostachyus), mulato II (Urochloa brizantha híbrido cv. Mulato II), mombasa (Megathyrsus maximus cv. Mombasa), camello blend (Urochloa brizantha híbrido) y mestizo blend (Urochloa brizantha híbrido). El muestreo de puntos fijos que fueron seleccionados al azar con un cuadro de 0.50 x 0.50 m por cada especie forrajera estudiada, con muestreos cada cuatro semanas. Se realizaron análisis bromatológicos correspondientes a Proteína Cruda (PC), Fibra Detergente Neutra (FDN) y Fibra Detergente Ácida (FDA); producción de Materia Seca (MS) y observaciones detalladas del crecimiento a lo largo del año con sus respectivas variables climáticas. El análisis comparativo entre las dos condiciones climáticas con diferente altitud permitió identificar variaciones en la calidad, acumulación y patrones de crecimiento de las gramíneas estudiadas. La acumulación anual por especie fue diferente (p<0.05) siendo mombasa el pasto con mayor producción (30.286 ± 1.206 t MS ha-1 año-1). El % de PC varió significativamente (p<0.05) por especie, el pasto estrella de áfrica (sitio 1) presentó un valor mayor con 11.46 ± 0.55%, mientras que, por época, diciembre (sitio 2) con 12.8 ± 0.5%. La tasa de crecimiento (sitio 1) no presentó diferencias (p>0.05). FDN y FDA fueron mayores en pasto estrella (p<0.05; 77.34 ± 0.6 y 41.86 ± 0.8 %; sitio 2) y menores en mulato II (62.65 ± 1.3 y 31.97 ± 0.9%; sitio 1). 4aGramíneas forrajerasxValor nutritivo 4aGramineas forrajerasxEfecto del medio ambiente1 aCortés Díaz, Enriqueedirector de tesis.1 aCortez Romero, Césaresecretario.1 aMartínez Hernández, Pedro Arturoevocal.1 aZaragoza Ramírez, José Luisesuplente.1 aCórdoba Álvarez, Melitónesuplente. uhttp://10.13.5.2/tesis/tl/181130-9_LARIOS_HUIDOBRO_MARIOALBERTO.pdfzDESCARGAR PDF